000 01642cam a22004214i 4500
003 PE-LiUPU
005 20250731173135.0
008 150623s r 000 0 d
035 _a(Sirsi) a26940
040 _aPE-LiUPU
_bspa
_cPE-LiUPU
_erda
082 0 4 _a232
_bB39
_221
100 1 _aBerkouwer, G. C.,
_d1903-
_qGerrit Cornelius,
_eautor.
245 1 4 _aThe work of Christ /
_cG. C. Berkouwer.
264 1 _aGrand Rapids, Michigan :
_bWilliam B. Eerdmans Publishing Company,
_c1970.
300 _a358 páginas ;
_c22 cm.
336 _atext
_2rdacontent
337 _aunmediated
_2rdamedia
338 _avolume
_2rdacarrier
504 _aIncluye referencias bibliográficas.
505 0 _aIntroduction. -The motive of the incarnation. -Humiliation and exaltation. -Christ's office. -The great mystery. -Christ's suffering. -The resurrection of Christ. -Christ's ascension. -"Sitting at the right hand of God". -Christ and the future. -Aspects of the work of Christ.
526 _aSEG42
526 _aSEG41
526 _aSEG40
526 _aSEG39
526 _aP94
526 _aP87
526 _aP86
526 _aP85
526 _aP77
526 _aP76
526 _aP35
600 1 _aJesucristo
942 _2ddc
_cBOOK
949 _a232 B39
_wDEWEY
_c1
_i52214
_lCCODEBUL1
_mBUL
_p10.00
_r0
_sY
_tBOOK
_u2015-06-24
_xTEOLOGIA
_PP35
_0COMPRA
_o.STAFF. Colección General
596 _a1
999 _a232 B39
_wDEWEY
_c34026
_i52214
_f2021-11-9
_g5
_lCCODEBUL1
_mBUL
_p10.00
_r0
_sY
_tBOOK
_u2015-6-24
_xTEOLOGIA
_PP35
_0COMPRA
_o.STAFF. Colección General
_d34026
980 _81
_gALBERTO SANCHEZ Responsable de Automatización